Heat transfer (Record no. 3641)

000 -LEADER
fixed length control field 00564nam a2200229 a 4500
001 - CONTROL NUMBER
control field 3641
003 - CONTROL NUMBER IDENTIFIER
control field BD-DhUET
008 - FIXED-LENGTH DATA ELEMENTS--GENERAL INFORMATION
fixed length control field 960506s1997 nyua b 001 0 eng
020 ## - INTERNATIONAL STANDARD BOOK NUMBER
International Standard Book Number 0071143203
020 ## - INTERNATIONAL STANDARD BOOK NUMBER
International Standard Book Number 0078447852
040 ## - CATALOGING SOURCE
Original cataloging agency DLC
Transcribing agency DLC
Modifying agency BD-DhUET
082 00 - DEWEY DECIMAL CLASSIFICATION NUMBER
Classification number 621.011
Item number HOL/1997
100 1# - MAIN ENTRY--PERSONAL NAME
Personal name Holman, J. P.
245 10 - TITLE STATEMENT
Title Heat transfer
250 ## - EDITION STATEMENT
Edition statement 8th ed.
260 ## - PUBLICATION, DISTRIBUTION, ETC. (IMPRINT)
Place of publication, distribution, etc. New York
Name of publisher, distributor, etc. McGraw-Hill
Date of publication, distribution, etc. 1997
300 ## - PHYSICAL DESCRIPTION
Extent xviii, 696 p.
Other physical details ill.
490 ## - SERIES STATEMENT
Series statement Schaum's outline series
504 ## - BIBLIOGRAPHY, ETC. NOTE
Bibliography, etc Includes bibliographies
650 #0 - SUBJECT ADDED ENTRY--TOPICAL TERM
Topical term or geographic name as entry element Heat transfer
942 ## - ADDED ENTRY ELEMENTS (KOHA)
Koha item type General Book
Holdings
Source of classification or shelving scheme Koha issues (times borrowed) Copy number Koha normalized classification for sorting Not for loan Koha out on loan Koha date last borrowed Piece designation (barcode) Withdrawn status Date acquired Damaged status Lost status Sublocation or collection (holding branch) Koha date last seen Koha item type Koha full call number Price effective from Shelving location Location (home branch)
 31621_011000000000000_HOL_1997 2025-05-112025-04-2792450 2014-11-03  Central Library, BUET2025-04-27General Book621.011/HOL/19972014-11-03Circulation sectionCentral Library, BUET
  2621_011000000000000_HOL_1997   92452 2014-11-03  Central Library, BUET2014-11-03General Book621.011/HOL/19972014-11-03Circulation sectionCentral Library, BUET
  3621_000000000000000_011HOL1997   92453 2014-11-03  Central Library, BUET2016-07-30General Book621.011/HOL/19972014-11-03Circulation sectionCentral Library, BUET
 14621_000000000000000_011HOL1997  2022-01-0992454 2014-11-03  Central Library, BUET2022-06-08General Book621.011/HOL/19972014-11-03Circulation sectionCentral Library, BUET
 25621_000000000000000_011HOL1997  2024-10-0292455 2014-11-03  Central Library, BUET2024-10-28General Book621.011/HOL/19972014-11-03Circulation sectionCentral Library, BUET
 36621_000000000000000_011HOL1997  2023-12-1092457 2014-11-03  Central Library, BUET2024-08-31General Book621.011/HOL/19972014-11-03Circulation sectionCentral Library, BUET
  7621_000000000000000_011HOL1997   92459 2014-11-03  Central Library, BUET2014-11-03General Book621.011/HOL/19972014-11-03Circulation sectionCentral Library, BUET
 18621_011000000000000_HOL_1997  2024-03-1292460 2014-11-03  Central Library, BUET2024-08-28General Book621.011/HOL/19972014-11-03Circulation sectionCentral Library, BUET
 19621_000000000000000_011HOL1997  2024-04-0892461 2014-11-03  Central Library, BUET2024-06-22General Book621.011/HOL/19972014-11-03Circulation sectionCentral Library, BUET
 510621_000000000000000_011HOL1997  2024-12-1092462 2014-11-03  Central Library, BUET2025-03-12General Book621.011/HOL/19972014-11-03Circulation sectionCentral Library, BUET
 111621_000000000000000_011HOL1997  2015-03-0492464 2014-11-03  Central Library, BUET2017-05-03General Book621.011/HOL/19972014-11-03Circulation sectionCentral Library, BUET
 312621_000000000000000_011HOL1997  2019-06-1792465 2014-11-03  Central Library, BUET2019-07-10General Book621.011/HOL/19972014-11-03Circulation sectionCentral Library, BUET
 313621_000000000000000_011HOL1997  2022-05-2492466 2014-11-03  Central Library, BUET2022-06-08General Book621.011/HOL/19972014-11-03Circulation sectionCentral Library, BUET
  14621_011000000000000_HOL_1997   92468 2015-04-12  Central Library, BUET2015-04-12General Book621.011 HOL/19972015-04-12Circulation sectionCentral Library, BUET
  15621_011000000000000_HOL_1997   92447 2015-07-02  Central Library, BUET2015-07-02Reading Item621.011/HOL/19972015-07-02Reading sectionCentral Library, BUET
  16621_011000000000000_HOL_1997   92446 2015-07-09  Central Library, BUET2015-07-09Reading Item621.011/HOL/19972015-07-09Reading sectionCentral Library, BUET